Statistiques concernant Chasse à la souris ! - Départements

Cliquez ici pour prendre le quiz!

Statistiques générales

  • Ce quiz a été pris 51 833 fois
  • Le résultat moyen est 6 sur 10

Réponses sur la Carte

Les réponses sont colorées sur une échelle allant du rouge au vert en fonction du pourcentage des utilisateurs qui les ont devinées à leur premier essai. Vous pouvez retrouver ces pourcentages ci-dessous.
 

Statistiques - réponses

Départements% Correct
Nord
80%
Finistère
79%
Guyane
79%
Gironde
74%
Haute-Corse
73%
Pas-de-Calais
73%
La Réunion
72%
Morbihan
70%
Corse-du-Sud
69%
Martinique
69%
Côtes-d'Armor
66%
Guadeloupe
66%
Bas-Rhin
65%
Mayotte
65%
Paris
65%
Savoie
65%
Var
65%
Bouches-du-Rhône
63%
Loire-Atlantique
63%
Manche
63%
Haut-Rhin
62%
Hérault
62%
Ille-et-Vilaine
62%
Landes
62%
Haute-Savoie
60%
Loire
60%
Moselle
60%
Pyrénées-Atlantiques
60%
Somme
60%
Alpes-Maritimes
59%
Calvados
58%
Isère
58%
Oise
58%
Rhône (et métropole de Lyon)
58%
Yvelines
58%
Vendée
57%
Meurthe-et-Moselle
56%
Ain
55%
Charente
55%
Charente-Maritime
55%
Gard
55%
Seine-et-Marne
55%
Alpes-de-Haute-Provence
54%
Hautes-Alpes
54%
Aisne
53%
Ardennes
53%
Jura
53%
Pyrénées-Orientales
53%
Loiret
52%
Seine-Maritime
52%
Vaucluse
52%
Deux-Sèvres
51%
Dordogne
51%
Essonne
51%
Eure
51%
Seine-Saint-Denis
51%
Ardèche
50%
Mayenne
49%
Tarn
49%
Creuse
48%
Drôme
48%
Loir-et-Cher
48%
Marne
48%
Haute-Garonne
47%
Meuse
47%
Val-d'Oise
47%
Vienne
47%
Aude
46%
Puy-de-Dôme
46%
Sarthe
46%
Aveyron
45%
Cher
45%
Côte-d'Or
45%
Hautes-Pyrénées
45%
Indre
45%
Lot
45%
Vosges
45%
Ariège
44%
Cantal
44%
Doubs
44%
Indre-et-Loire
44%
Maine-et-Loire
44%
Orne
44%
Hauts-de-Seine
43%
Val-de-Marne
43%
Yonne
42%
Allier
41%
Gers
41%
Territoire de Belfort
41%
Haute-Vienne
40%
Saône-et-Loire
40%
Corrèze
39%
Eure-et-Loir
39%
Lot-et-Garonne
39%
Tarn-et-Garonne
38%
Lozère
37%
Nièvre
37%
Aube
36%
Haute-Loire
36%
Haute-Saône
36%
Haute-Marne
35%

Distribution des résultats

Percentile par nombre de réponses

% des personnes avec chaque résultat

Votre développement - résultats

Vous n’avez pas pris ce quiz